[Event "Agios Nikolaos op 3rd"]
[Site "Agios Ioannis"]
[Date "2019.08.27"]
[Round "2"]
[White "Aggeletos, Marios"]
[Black "Mitsis, Georgios"]
[Result "0-1"]
[WhiteElo "1746"]
[BlackElo "2392"]
[PlyCount "62"]
[EventDate "2019.08.26"]
[EventType "swiss"]
[EventRounds "9"]
[EventCountry "GRE"]
[SourceTitle "EXT 2020"]
[Source "ChessBase"]
[SourceDate "2019.10.17"]
[SourceVersion "1"]
[SourceVersionDate "2019.10.17"]
[SourceQuality "1"]

1. d4 d6 2. e4 Nf6 3. Nc3 c6 4. Be3 Qb6 5. Rb1 Qc7 6. Bd3 e5 7. dxe5 dxe5 8. f3 Nbd7 9. Nge2 Bc5 10. Qd2 b5 11. b4 Bb6 12. Nc1 Nf8 13. Nb3 Ne6 14. Qf2 0-0 15. a4 Bxe3 16. Qxe3 a6 17. 0-0 Qd6 18. Na5 Nd4 19. Ne2 Ne6 20. Qb6 Bd7 21. axb5 axb5 22. Bxb5 Rfb8 23. Nb7 Qc7 24. Qxc7 Nxc7 25. Bxc6 Bxc6 26. Nd6 Nb5 27. Nc4 Nd7 28. Na5 Rc8 29. Rfd1 Nb6 30. c4 Na3 31. Rbc1 Ba4 0-1

[Event "Heraklion op 24th"]
[Site "Heraklion"]
[Date "2018.09.09"]
[Round "8"]
[White "Aggeletos, Marios"]
[Black "Lewis, Andrew P"]
[Result "0-1"]
[WhiteElo "1757"]
[BlackElo "2325"]
[PlyCount "80"]
[EventDate "2018.09.03"]
[EventType "swiss"]
[EventRounds "9"]
[EventCountry "GRE"]
[SourceTitle "CBM 186 Extra"]
[Source "ChessBase"]
[SourceDate "2018.08.24"]
[SourceVersion "1"]
[SourceVersionDate "2018.08.24"]
[SourceQuality "1"]

1. d4 Nf6 2. c4 g6 3. Nc3 Bg7 4. e4 d6 5. Nf3 0-0 6. h3 e5 7. d5 a5 8. g4 Na6 9. Be3 Nd7 10. g5 Nb6 11. Qc2 Nc5 12. 0-0-0 Bd7 13. Kb1 f5 14. gxf6 Qxf6 15. Be2 c6 16. Nd2 a4 17. Rdg1 a3 18. b4 Nca4 19. Nxa4 Nxa4 20. Qb3 c5 21. b5 Qh4 22. Rg3 Rf4 23. Nf3 Qf6 24. Nd2 Qh4 25. Rhg1 Nb6 26. Qd3 Ra4 27. Ka1 Nxc4 28. Nxc4 Rxe4 29. Nxd6 Rxe3 30. Qxe3 e4+ 31. Kb1 Qf6 32. Kc2 Qb2+ 33. Kd1 Rd4+ 34. Qxd4 Qxd4+ 35. Ke1 Qa1+ 36. Bd1 Bc3+ 37. Ke2 Qxa2+ 38. Kf1 Bd4 39. Nxe4 Bf5 40. d6 Qb1 0-1

[Event "Heraklion op 23rd"]
[Site "Heraklion"]
[Date "2018.04.15"]
[Round "9"]
[White "Aggeletos, Marios"]
[Black "Naoum, Spyridon"]
[Result "0-1"]
[WhiteElo "1748"]
[BlackElo "2332"]
[PlyCount "116"]
[EventDate "2018.04.09"]
[EventType "swiss"]
[EventRounds "9"]
[EventCountry "GRE"]
[SourceTitle "CBM 184 Extra"]
[Source "ChessBase"]
[SourceDate "2018.06.28"]
[SourceVersion "1"]
[SourceVersionDate "2018.06.28"]
[SourceQuality "1"]

1. d4 Nf6 2. Nf3 g6 3. c4 Bg7 4. Nc3 0-0 5. e4 d6 6. h3 e5 7. d5 Nh5 8. g3 f5 9. Bg5 Qe8 10. Be2 f4 11. g4 Nf6 12. Bxf6 Bxf6 13. g5 Bg7 14. h4 a5 15. Bf1 Nd7 16. Bh3 Nc5 17. Bxc8 Rxc8 18. Ke2 Rf7 19. h5 c6 20. hxg6 hxg6 21. dxc6 Qxc6 22. Qd5 Qxd5 23. cxd5 b5 24. Nd2 b4 25. Nb5 Bf8 26. a4 Be7 27. f3 Kg7 28. b3 Rff8 29. Na7 Rc7 30. Nc6 Rxc6 31. dxc6 Rc8 32. Rh3 Ne6 33. Rah1 Nxg5 34. R3h2 Rxc6 35. Nc4 Rc8 36. Rd1 Ne6 37. Nxa5 Rc3 38. Rhh1 Re3+ 39. Kf2 Ng5 40. Nc4 Rxf3+ 41. Ke2 Rg3 42. Nd2 Bd8 43. Rc1 Bb6 44. Rc4 f3+ 45. Kd1 f2 46. Rf1 Be3 47. Ke2 Nh3 48. Nf3 Bb6 49. Rxb4 Nf4+ 50. Kd1 Be3 51. Rb7+ Kf6 52. Nh2 Rg2 53. Rh7 g5 54. Rh1 Rxh2 55. R7xh2 g4 56. Rh6+ Kg5 57. R6h2 g3 58. Rxf2 Bxf2 0-1

[Event "Heraklion op 22nd"]
[Site "Heraklion"]
[Date "2018.01.07"]
[Round "8"]
[White "Kotsinis, Alexandros"]
[Black "Aggeletos, Marios"]
[Result "1-0"]
[WhiteElo "1537"]
[BlackElo "1790"]
[PlyCount "119"]
[EventDate "2018.01.02"]
[EventType "swiss"]
[EventRounds "9"]
[EventCountry "GRE"]
[SourceTitle "EXT 2019"]
[Source "ChessBase"]
[SourceDate "2018.10.10"]
[SourceVersion "1"]
[SourceVersionDate "2018.10.10"]
[SourceQuality "1"]

1. d4 d5 2. c4 c6 3. Nf3 Nf6 4. Nc3 dxc4 5. a4 Bf5 6. e3 e6 7. Bxc4 Bb4 8. 0-0 0-0 9. Qb3 a5 10. Na2 Qe7 11. Nxb4 Qxb4 12. Qxb4 axb4 13. Bd2 Na6 14. Bxa6 Rxa6 15. Bxb4 Rfa8 16. b3 Nd5 17. Bd2 Bc2 18. Rfc1 Bxb3 19. a5 b5 20. Ra3 Bc4 21. Ne5 b4 22. Bxb4 Nxb4 23. Rxc4 Rxa5 24. Rxa5 Rxa5 25. g3 Rb5 26. Nxc6 Nxc6 27. Rxc6 Kf8 28. Rc7 f5 29. h3 Ra5 30. g4 fxg4 31. hxg4 Rg5 32. f3 Ra5 33. Kf2 h5 34. Rc5 Ra2+ 35. Kg3 hxg4 36. Kxg4 Kf7 37. Kf4 Kf6 38. Rc6 Ra4 39. Kg3 Kf7 40. Kf4 Kf6 41. Kg4 g6 42. f4 Kf7 43. Rc7+ Kf6 44. e4 g5 45. fxg5+ Kg6 46. Rc6 Rxd4 47. Rxe6+ Kf7 48. Kf5 Rd7 49. e5 Ra7 50. Rf6+ Kg7 51. Rg6+ Kh7 52. e6 Re7 53. Rf6 Kg8 54. g6 Ra7 55. Rf7 Ra1 56. e7 Rf1+ 57. Ke6 Re1+ 58. Kd5 Rd1+ 59. Ke4 Re1+ 60. Kd3 1-0

[Event "Heraklion op 18th"]
[Site "Heraklion"]
[Date "2016.09.04"]
[Round "2"]
[White "Anagnostopoulos, Konstantinos"]
[Black "Aggeletos, Marios"]
[Result "1-0"]
[WhiteElo "2221"]
[BlackElo "1808"]
[PlyCount "65"]
[EventDate "2016.09.03"]
[EventType "swiss"]
[EventRounds "9"]
[EventCountry "GRE"]
[SourceTitle "CBM 174 Extra"]
[Source "ChessBase"]
[SourceDate "2016.10.10"]
[SourceVersion "1"]
[SourceVersionDate "2016.10.10"]
[SourceQuality "1"]

1. d4 Nf6 2. c4 g6 3. Nc3 d5 4. Nf3 Bg7 5. Bf4 c6 6. e3 0-0 7. h3 Be6 8. c5 b5 9. Bd3 Bf5 10. Bxf5 gxf5 11. g4 Qc8 12. gxf5 Qxf5 13. Qb1 Qxb1+ 14. Rxb1 Nbd7 15. Rg1 Kh8 16. a4 b4 17. Na2 a5 18. Nc1 Ra7 19. Nd3 Ne4 20. Nfe5 Nxe5 21. dxe5 f6 22. e6 Ng5 23. Bxg5 fxg5 24. Rxg5 Raa8 25. Ke2 Bf6 26. Rg4 Rg8 27. Rbg1 Rxg4 28. Rxg4 Rg8 29. b3 Rxg4 30. hxg4 Kg7 31. Nxb4 d4 32. Nxc6 dxe3 33. Kxe3 1-0

[Event "Heraklion op 16th"]
[Site "Heraklion"]
[Date "2016.01.09"]
[Round "8"]
[White "Tzagarakis, Panagiotis"]
[Black "Aggeletos, Marios"]
[Result "0-1"]
[WhiteElo "1434"]
[BlackElo "1803"]
[PlyCount "128"]
[EventDate "2016.01.03"]
[EventType "swiss"]
[EventRounds "9"]
[EventCountry "GRE"]
[SourceTitle "EXT 2024"]
[Source "ChessBase"]
[SourceDate "2023.10.10"]
[SourceVersion "1"]
[SourceVersionDate "2023.10.10"]
[SourceQuality "1"]

1. e4 c5 2. Nf3 d6 3. d4 cxd4 4. Nxd4 Nf6 5. Nc3 a6 6. Bg5 Nbd7 7. Bd3 Qc7 8. Qd2 b5 9. 0-0-0 Nc5 10. Bxf6 gxf6 11. Nd5 Nxd3+ 12. Qxd3 Qc5 13. Nb3 Qa7 14. Qc3 Bh6+ 15. Kb1 0-0 16. Rd3 b4 17. Rg3+ Kh8 18. Qf3 Be6 19. Nxf6 Bxb3 20. axb3 Qd4 21. Nd5 Bg7 22. c3 bxc3 23. bxc3 Qe5 24. Qe3 f5 25. f4 Qxe4+ 26. Qxe4 fxe4 27. Rf1 Rab8 28. Kc2 Rb7 29. f5 Be5 30. Rg4 e6 31. Ne3 exf5 32. Rxe4 Rfb8 33. Rb4 Rxb4 34. cxb4 Rxb4 35. Nxf5 Bxh2 36. g3 Rg4 37. Rf3 h5 38. Kd3 Bg1 39. Nxd6 Rd4+ 40. Ke2 Rxd6 41. Rf5 Rh6 42. Kf3 Kg7 43. Rd5 Rf6+ 44. Kg2 Be3 45. Rxh5 Rf2+ 46. Kh3 Bd2 47. Rd5 a5 48. Rd3 Bb4 49. g4 Rc2 50. Rd1 Rc3+ 51. Kg2 Rxb3 52. Kf2 Kg6 53. Ke2 Rg3 54. Rd4 Kg5 55. Kd1 Rxg4 56. Rd3 Rc4 57. Rd5+ Kf4 58. Rh5 Ke3 59. Rh3+ Kd4 60. Rh4+ Kc3 61. Rh3+ Kb2 62. Rh2+ Kb1 63. Rh5 Re4 64. Re5 Re1+ 0-1

[Event "Heraklion op 16th"]
[Site "Heraklion"]
[Date "2016.01.07"]
[Round "6"]
[White "Anagnostopoulos, Konstantinos"]
[Black "Aggeletos, Marios"]
[Result "1-0"]
[WhiteElo "2135"]
[BlackElo "1803"]
[PlyCount "111"]
[EventDate "2016.01.03"]
[EventType "swiss"]
[EventRounds "9"]
[EventCountry "GRE"]
[SourceTitle "EXT 2024"]
[Source "ChessBase"]
[SourceDate "2023.10.10"]
[SourceVersion "1"]
[SourceVersionDate "2023.10.10"]
[SourceQuality "1"]

1. e4 c5 2. Nf3 d6 3. Bb5+ Bd7 4. Bd3 g6 5. c3 Bg7 6. 0-0 Nc6 7. h3 Nf6 8. Bc2 0-0 9. d3 b5 10. Nbd2 b4 11. d4 bxc3 12. bxc3 cxd4 13. cxd4 Rb8 14. Nc4 Nb4 15. e5 Nfd5 16. Bb3 Bb5 17. Bg5 Qd7 18. Qd2 Rfc8 19. Rfc1 Ba6 20. Rab1 Nc7 21. Bxe7 Bxc4 22. Rxc4 Qxe7 23. Rxb4 Na6 24. Rxb8 Rxb8 25. Qa5 Rb6 26. Bxf7+ Kxf7 27. Rxb6 axb6 28. Qxa6 dxe5 29. dxe5 Qc5 30. Qb7+ Kg8 31. Qa8+ Bf8 32. g3 b5 33. Qe8 Qd5 34. Ng5 Qxa2 35. Qxb5 h6 36. Ne4 Qa1+ 37. Kg2 Qa8 38. Qb3+ Kg7 39. Qf3 Be7 40. e6 Qg8 41. Qc3+ Kf8 42. Qc8+ Kg7 43. Qxg8+ Kxg8 44. Nc3 Kf8 45. Nd5 Ba3 46. f4 h5 47. Kf3 Bb2 48. Ke4 Kg7 49. Kd3 Kf8 50. Kc4 Ba3 51. Kb5 Ke8 52. Kc6 Kd8 53. g4 hxg4 54. hxg4 Bc1 55. e7+ Ke8 56. Kd6 1-0

[Event "Heraklion op"]
[Site "Heraklion"]
[Date "2014.09.02"]
[Round "1"]
[White "Aggeletos, Marios"]
[Black "Kakalis, Nikolaos"]
[Result "1-0"]
[WhiteElo "1809"]
[BlackElo "1200"]
[PlyCount "43"]
[EventDate "2014.09.02"]
[EventType "swiss"]
[EventRounds "6"]
[EventCountry "GRE"]
[SourceTitle "EXT 2015"]
[Source "ChessBase"]
[SourceDate "2014.11.20"]
[SourceVersion "1"]
[SourceVersionDate "2014.11.20"]
[SourceQuality "1"]

1. d4 d5 2. c4 e6 3. Nf3 Nc6 4. Nc3 Bb4 5. e3 Nf6 6. Bd3 0-0 7. 0-0 Bd7 8. Qc2 Re8 9. e4 dxc4 10. Bxc4 a6 11. e5 Ng4 12. h3 Nh6 13. Bxh6 gxh6 14. Bd3 f6 15. Bxh7+ Kh8 16. Ne4 fxe5 17. dxe5 Be7 18. Rad1 Nb4 19. Qd2 Nd5 20. Qxh6 Rf8 21. Bg6+ Kg8 22. Qh7# 1-0

[Event "Anogia op 3rd"]
[Site "Anogia"]
[Date "2014.08.03"]
[Round "6"]
[White "Kotronias, Vasilios"]
[Black "Aggeletos, Marios"]
[Result "1-0"]
[WhiteElo "2564"]
[BlackElo "1822"]
[PlyCount "61"]
[EventDate "2014.07.30"]
[EventType "swiss"]
[EventRounds "9"]
[EventCountry "GRE"]
[SourceTitle "CBM 161 Extra"]
[Source "ChessBase"]
[SourceDate "2014.08.29"]
[SourceVersion "1"]
[SourceVersionDate "2014.08.29"]
[SourceQuality "1"]

1. e4 c6 2. d4 d5 3. f3 e6 4. Nc3 Bb4 5. Bf4 Ne7 6. Nge2 0-0 7. a3 Ba5 8. Qd3 Nd7 9. 0-0-0 b5 10. Na2 Bc7 11. Kb1 a5 12. h4 Nb6 13. Bxc7 Qxc7 14. c3 Nc4 15. Re1 Ba6 16. Qc2 Rfb8 17. Nec1 c5 18. dxc5 Qxc5 19. Nb3 Qb6 20. Bd3 Nc6 21. exd5 exd5 22. Bxh7+ Kf8 23. h5 b4 24. h6 bxc3 25. hxg7+ Kxg7 26. Qxc3+ d4 27. Qc1 N6e5 28. Qg5+ Ng6 29. Qh6+ Kf6 30. Bxg6 Rh8 31. Bh7# 1-0

[Event "Anogia op 3rd"]
[Site "Anogia"]
[Date "2014.07.30"]
[Round "1"]
[White "Aggeletos, Marios"]
[Black "Kasparov, Sergey"]
[Result "0-1"]
[WhiteElo "1822"]
[BlackElo "2460"]
[PlyCount "54"]
[EventDate "2014.07.30"]
[EventType "swiss"]
[EventRounds "9"]
[EventCountry "GRE"]
[SourceTitle "CBM 161 Extra"]
[Source "ChessBase"]
[SourceDate "2014.08.29"]
[SourceVersion "1"]
[SourceVersionDate "2014.08.29"]
[SourceQuality "1"]

1. d4 Nf6 2. Nf3 c5 3. d5 g6 4. g3 d6 5. c4 b5 6. cxb5 a6 7. b6 Nbd7 8. Bg2 Nxb6 9. Nc3 Bg7 10. 0-0 0-0 11. e4 Nfd7 12. Re1 a5 13. Qc2 a4 14. Bf4 Qc7 15. Rab1 Ba6 16. Bh3 Rfb8 17. Bg5 Nc4 18. Bxd7 Qxd7 19. Nxa4 Rb4 20. Nc3 Rab8 21. Bc1 Qg4 22. Kg2 Bc8 23. b3 Qh3+ 24. Kg1 Ne5 25. Nxe5 Bxe5 26. Bb2 Bg4 27. Nd1 Bf3 0-1